Moszkvából jött a meghívó Somorjára december elején a csallóközi diáklányok kétszeres bajnokcsapata játszhat Európa legjobbjaival az orosz fővárosban

Podrobná bibliografia
Hlavný autor: Mészáros, Károly J., 1955- (Autor)
Médium: Článok
Jazyk:maďarčina
Fyzický popis:Fotogr.
ISSN:1335-7050
Predmet:

MARC

LEADER 00000nab a2200000 a 4500
001 vtls010466990
003 SK-MaSNL
005 20260318122542.0
008 121107c20121107xo d 000 0|hun
015 |a SNBRB2012/11 
038 |a DSZK 
040 |a DSZK  |b slo  |c DSZK  |e AACR2 
041 0 |a hun 
044 |a xo  |c SK 
080 |a 796.323.2.071.2-055.2  |x (437.6)  |2 2001 
100 1 |a Mészáros, Károly J.,  |d 1955-  |4 aut  |9 103301 
245 1 0 |a Moszkvából jött a meghívó Somorjára  |b december elején a csallóközi diáklányok kétszeres bajnokcsapata játszhat Európa legjobbjaival az orosz fővárosban  |c J. Mészáros Károly 
300 |b Fotogr. 
610 2 7 |a ŠBK Šamorín  |2 dszk  |9 1194104 
648 7 |a 2012  |2 dszk  |9 326619 
650 0 7 |a basketbalistky  |2 dszk  |9 69163 
650 0 7 |a medzinárodné súťaže  |2 snkbucl  |9 71259 
651 7 |a Šamorín (Slovensko)  |2 SNKPHgeo  |9 28925 
651 7 |a Moskva (Rusko)  |2 dszk  |9 17405 
773 0 |t Új szó  |g Évf. 65, sz. 257 (7.11.2012), o. 19  |x 1335-7050 
852 |a DSZK  |b KIS3GCP 
958 |a HU 
958 |a SK 
999 |c 3124030  |d 3125960